000 00614nam a2200241Ia 4500
003 OSt
005 20220924121845.0
006 a|||||r|||| 00| 0
007 ta
008 220923b |||||||| |||| 00| 0 san d
024 _a40668
037 _cTextual
040 _aARTS
_cARTS
_bsan
041 _2san
_asan
082 _aO15,1JUD,1, L2
100 _aUddanda
_9187522
245 0 _aKokiasandes'a
260 _aKerala
_bN.P.Punni India
_c1972
300 _a104p.
_ccm.
650 _aSANSKRIT LITERATURE
942 _hO15,1JUD,1, L2
_cTEXL
_2CC
999 _c409319
_d409319